| 000 | 00354nam a2200121Ia 4500 | ||
|---|---|---|---|
| 008 | 191014s9999 xx 000 0 und d | ||
| 082 |
_a531 _bSWE |
||
| 100 |
_aBy Joseph Sweetman Ames _920442 |
||
| 245 | 0 | _aTheoretical Mechanics an Introuction to Mathematical Physics | |
| 260 |
_aUSA _bDover Publications INC. _c1957 |
||
| 300 | _aIx,462 | ||
| 942 | _cBK | ||
| 999 |
_c531028 _d531028 |
||